Statistiques concernant Top 100 des joueurs de France (Partie 1) 1-50

Cliquez ici pour prendre le quiz!

Statistiques générales

  • Ce quiz a été pris 252 fois
  • Le résultat moyen est 15 sur 50

Statistiques - réponses

PosteNuméroRéponse% Correct
Milieu1Zidane
92%
Attaquant3Henry
78%
Gardien35Lloris
77%
Milieu2Platini
73%
Gardien8Barthez
71%
Attaquant40Giroud
69%
Attaquant23Griezmann
66%
Milieu5Deschamps
64%
Milieu/Défenseur9Blanc
63%
Défenseur7Thuram
63%
Défenseur/Milieu20Petit
60%
Milieu/Défenseur10Desailly
55%
Milieu29Ribéry
51%
Défenseur16Lizarazu
49%
Attaquant14Trezeguet
47%
Milieu15Vieira
47%
Attaquant4Fontaine
44%
Attaquant21Papin
43%
Milieu37Makélélé
41%
Milieu26Pirès
38%
Milieu/Attaquant12Djorkaeff
36%
Attaquant46Cantona
34%
Milieu/Attaquant6Kopa
34%
Défenseur19Trésor
25%
Attaquant/Milieu44Dugarry
23%
Attaquant/Milieu27Wiltord
21%
Milieu11Giresse
20%
Milieu13Tigana
18%
Milieu17Fernandez
17%
Attaquant28Rocheteau
14%
Milieu36Karembeu
13%
Gardien25Bats
12%
Défenseur22Amoros
10%
Défenseur30Battiston
10%
Attaquant34Six
8%
Défenseur18Bossis
7%
Attaquant38Lacombe
5%
Milieu45Genghini
4%
Milieu50Michel
4%
Attaquant24Piantoni
4%
Attaquant33Vincent
3%
Milieu48Ben Barek
2%
Défenseur32Jonquet
2%
Attaquant43Laurent
2%
AttaquantStopyra
2%
Attaquant39Bellone
1%
Défenseur41Domergue
1%
Défenseur31Marche
1%
Attaquant47Nicolas
1%
Gardien42Darui
0%

Distribution des résultats

Percentile par nombre de réponses

% des personnes avec chaque résultat

Votre développement - résultats

Vous n’avez pas pris ce quiz